| 000 | 00829nam a22002297a 4500 | ||
|---|---|---|---|
| 999 |
_c10593 _d10593 |
||
| 003 | AR-CdUCM | ||
| 008 | 190401b ||||| |||| 00| 0 spa d | ||
| 040 |
_aMUNICIPALIDAD PROVINCIAL DEL CUSCO _cBIBLIOTECA MUNICIPAL DEL CUSCO |
||
| 041 | _heng | ||
| 082 |
_23ed _aES / 030 / _bR81 |
||
| 100 |
_aRommel, Willi _927323 |
||
| 245 | _aCon tijeras, papel y cartón / | ||
| 260 |
_aMadrid : _bSantillana, _c1966. |
||
| 300 |
_a107 páginas ; _bIlustraciones, _c21 cm. |
||
| 440 |
_aEnciclopedia de las aficiones _927268 |
||
| 505 | _aContenido: La herramienta y el método de trabajo -- Trabajos de plegar y cortar -- Bolsas, carteras y carpetas -- Recipientes de todas clases... | ||
| 650 |
_aManuelidades _927546 |
||
| 650 |
_aDiseño _914302 |
||
| 650 |
_aHerramientas manuales _927547 |
||
| 942 |
_2ddc _cLIBROS |
||
| 945 | _adavv | ||